Normal view
MARC view
- شيسورث،نكي ؛ ترجمة:مركز التعريب والبرمجة
Entry Personal Name
001 - CONTROL NUMBER
- control field: 19035
003 - CONTROL NUMBER IDENTIFIER
- control field: JO-AjAnu
005 - DATE AND TIME OF LATEST TRANSACTION
- control field: 20230606073331.0
008 - FIXED-LENGTH DATA ELEMENTS
- fixed length control field: 230606|| aca||aabn | a|a d
040 ## - CATALOGING SOURCE
- Original cataloging agency: JO-AjAnu
- Transcribing agency: JO-AjAnu
100 ## - HEADING--PERSONAL NAME
- Personal name: شيسورث،نكي ؛ ترجمة:مركز التعريب والبرمجة
670 ## - SOURCE DATA FOUND
- Source citation: Work cat.: (JO-AjAnu)9767: شيسورث،نكي ؛ ترجمة:مركز التعريب والبرمجة, author, فن تعزيز الثروة خلال ثلاثين دقيقة=30Minutes To Make Yourself Richer